LEADER 01701nam a2200373 a 4500 001 000000026835 003 CaOOAMICUS 005 20101104114038.0 008 951127s1995 be fh u000 u lat r 020 $a2503042015 (relié) 020 $a2503042023 (broché) 020 $a2503030009 (série) 035 $a10694360 040 $aBAV$bita$dEFR$dPUL(R)$delep 041 0 $alat$aita 245 00$aExcerpta isagogarum et categoriarum /$cnunc primum edidit Iulius D'Onofrio. 260 $aTurnholti :$bBrepols,$c1995. 300 $acxviii, 193 p., 16 p. di tav. :$bfacs. ;$c25 cm 490 1 $aLogica antiquioris mediae aetatis ;$v1 490 1 $aCorpus Christianorum.$aContinuatio Mediaevalis ;$v120 500 $aContiene indici. 546 $aTesti in latino, introduzione in italiano. 700 1 $aD'Onofrio, Giulio,$d1953-$0(OLS)http://pul/name/285 710 2 $aBiblioteca apostolica vaticana.$kMss.$n(Reg. lat. 1281).$0(OLS)http://pul/name/22018 830 0$aCorpus Christianorum.$pContinuatio Mediaevalis ;$v120.$0(OLS)http://pul/title/6 830 0$aLogica antiquioris mediae aetatis ;$v1.$0(OLS)http://pul/title/36796 850 $aPUL 852 $aPUL$W1$xSL Cons. Gen., Altre Classi 1$y1$m2008 B 1.120$j37447$nBK-PRI$qStampati$B37447$CPULBib$Z2$F37447 $H81112 $82 941 1 $a8 996 $6020$a2503042015 (relié)$9(OLS)http://pul/number/33328 996 $6020$a2503042023 (broché)$9(OLS)http://pul/number/33329 996 $6020$a2503030009 (série)$9(OLS)http://pul/number/9 996 $6245$aExcerpta isagogarum et categoriarum$9(OLS)http://pul/title/36795 996 $6260$aTurnholti :$bBrepols$9(OLS)http://pul/publisher/47842 LEADER 01928nam a2200385 u 4500 001 000000045990 003 CaOOAMICUS 005 20070226114726.0 008 990621s1954 sz u000 u ger u 035 $a10827533 040 $aPUL(R)$bita 110 2 $aPapi (1939-1958 : Pius PP. XII).$0(OLS)http://pul/name/3722 240 10$aAtti$9(Papi).$0(OLS)http://pul/title/7345 245 10$aAufbau und Entfaltung des Gesellschaftlichen Lebens :$bSoziale Summe Pius XII /$cherausgegeben von Arthur-Fridolin Utz O.P. ... und Joseph-Fulko Groner O.P. 260 $aFreiburg (Schweiz) :$bPaulusverlag,$c1954. 300 $a2 v. ;$c19 cm 500 $aPaginazione continua. 500 $aContiene indici e appendici. 504 $aBibliografia in nota. 650 4$aDottrina sociale della Chiesa.$0(OLS)http://pul/subject/33229 700 1 $aGroner, Josef Fulko,$cO.P.$0(OLS)http://pul/name/33502 700 1 $aUtz, Arthur Fridolin,$cO.P.,$d1908-2001.$0(OLS)http://pul/name/13966 850 $aPUL 852 $aPUL$W1$xDP1 Cons. Gen., Altre Classi 1$y22$m43 F 31-32$j61701$nBK-PRI$b $qStampati$B61701$CPULBib$Z2$F61701 $H $81 852 $aPUL$W1$xDP1 Cons. Gen., Altre Classi 1$y22$m43 F 31-32$j61701$nBK-PRI$b $qStampati$B61702$CPULBib$Z2$F61702 $H $81 852 $aPUL$W1$xDP1 Fondo Pastorale$y55$mP13 B 155$j61703$nBK-PRI$b $qFondi$B61703$CPULBib$Z2$F61703 $H $81 900 $aPius PP.$bXII,$d1876-1958$93722 900 $aPius PP.$bXII,$d1876-1958$93722 941 1 $a8 941 1 $a1 960 $aDottrina sociale cristiana$933229 961 $aINV: 18858-59 961 $aINV: 18858-59 996 $6245$aAufbau und Entfaltung des Gesellschaftlichen Lebens :$bSoziale Summe Pius XII$9(OLS)http://pul/title/62005 996 $6260$aFreiburg (Schweiz) :$bPaulusverlag$9(OLS)http://pul/publisher/66308